000
00251nam a2200109Ia 4500
008
190911s9999||||xx |||||||||||||| ||und||
100
_a
Hobsons
245
0
_a
MBA CASE Book 99 Management
260
_a
India
_b
Pearson
_c
1991
300
_a
343
942
_c
BK
999
_c
6783
_d
6783